Видеоигры по краткому описанию их сюжета или лора 2 - Statistics

General Stats
  • This quiz has been taken 16 times
  • The average score is 6 of 30
Answer Stats
Описание Игра % Correct
Жёлтый круг бегает по лабиринту от привидений, поедая белые точки и фрукты Pac-Man
93%
Синий ёжик в красных кроссовках бегает по уровням и спасает птиц и зверей от роботов Sonic the Hedgehog
86%
Фигуры разной формы, состоящие из квадратов, падают внутри прямоугольника вниз Tetris
71%
Сессионная игра про битву героев вселенной Warcraft с разными способностями, стремящихся уничтожить базы друг друга в противоположных от своих частях карты Defence of the Ancients
29%
Главный герой очнулся в странной тёмной хижине, где вынужден играть в коллекционную карточную игру с зловещим и загадочным её обитателем Inscryption
29%
У маленького красного квадратного паренька крадёт его розовую подругу злодей в виде червяка в банке, одетой как аристократ Meat Boy
29%
Симулятор сборки автомобиля с нуля в сельской местности Финляндии My Summer Car
29%
В провинциальном городе Восточной Европы началась аномальная жара днём, и всем рекомендуется не казать из дому и носу в это время, но, помимо того, по ночам люди начинают видеть существ, маскирующихся под людей с непонятными мотивами No, I'm Not a Human
29%
Протагонист(ка) получает письмо от больного дедушки, который оставляет ему/ей в наследство свой загородный дом с участком земли для его возделывания, рядом с которыми находится маленький уютный городок, каждый житель которого пытается жить свою жизнь со своими ежедневными задачами и проблемами Stardew Valley
29%
Охотник на каждом этапе тремя залпами пытается убить двух птиц, и если ему это не удаётся, над ним из кустов смеётся его собака Duck Hunt
21%
Полуголый мужчина, сидящий в котле, пытается продвигаться по 2D-уровням с нагромождением случайных предметов с помощью молота с жёлтой рукоятью Getting Over It with Bennett Foddy
21%
В этом шутере от первого лица время движется только вместе с движениями игрока, так что нужно лучше планировать свои действия Superhot
21%
Низкорослый ловелас-неудачник в белом модном костюме пытается найти интимных приключений на ночь Leisure Suit Larry
14%
Нуарный детектив был подло убит и теперь в виде призрака пытается разгадать, кем именно Murdered: Soul Suspect
14%
Во время войны маленький город был почти полностью разрушен, и в остатке жилищ укрываются группы либо выживших, либо мародёров This War of Mine
14%
Главный герой осознаёт, что живёт в антиутопии, где правительство принуждает граждан принимать галлюциногены, чтобы видеть окружающие омерзительные поступки как обыденность We Happy Few
14%
Мрачное прочтение знаменитой сюрреалистической английской сказки середины-конца XIX века American McGee's Alice
7%
Ритм-игра, куда можно загружать свои треки с компьютера, которые будут перерабатываться в трассы с кубиками, которые будет собирать звездолёт Audiosurf
7%
Гитантские накачанные жабы на фантастической планете кулаками пробивают себе путь к Тёмной королеве, которую им предстоит уничтожить Battletoads
7%
Жестокие гонки, где очки начисляются в том числе и за сбитых пешеходов Carmageddon
7%
Несколько военизированных фракций сражаются между собой за обладание сверхмощным энергетическим ресурсом под названием "тибериум" Command & Conquer
7%
Странный правительственный агент, будто бы разговаривающий наедине с самим собой, приезжает в маленький городок по делу о загадочном жестоком убийстве девушки, повешенной обнажённой на дереве Deadly Premonition
7%
Промысловый рыбак в жуткий шторм заплыл в странную бухту, где ему предложили работу в обмен на починку его лодки Dredge
7%
Экономическая игра про создание видеоигр - от энтузиаста в гараже собственного дома в конце 80-х до SEO ААА-гиганта индустрии в наши дни Game Dev Tycoon
7%
Каторжника отправляют в колонию рудников, которую в своё время запечатали под магическим куполом, убивающим электричеством того, кто приближается к его поверхности Gothic
7%
Игра, где нужно отсматривать видео-фрагменты с разными показаниями женщины и искать в них несоответствия для построения цельной правдивой картины касательно неё Her Story
7%
В средневековой Чехии обычный сельский парень решает отомстить за своего отца, убитого храброго воина, и вернуть доброе имя своей семье Kingdom Come: Deliverance
7%
Милый розовый шарик с руками и ногами поедает своих противников и обретает таким образом их основные свойства Kirby
7%
Главный герой попадает на таинственный остров с огромной обсерваторией, полной загадок и головоломок Myst
7%
Мужчина находит записи о странной экспедиции в Антарктиду, где в ходе раскопок нашли что-то пугающе-мистическое, и решает сам продолжить поиски из любопытства Penumbra
7%
No matching quizzes found
Score Distribution
Percent of People with Each Score
Percentile by Number Answered
Your Score History
You have not taken this quiz